000 00790cam a2200277 a 4500
001 000003641
003 DO-SdBNP
005 20220926113158.0
007 ta
008 790927s1992 cu 001 0 spa
020 _a9501511634
040 _aDO-SdBNP
_bspa
_cBNPHU
082 4 _a813.54
_bK82s
_222
100 1 _aKoontz, Dean R.,
_d1945-
_911172
240 1 0 _aWhispers.
_lEspañol
245 1 0 _aSusurros /
_cDean R. Koontz ; traducción Aníbal Leal.
260 _aArgentina :
_bJavier Vergara,
_c1992.
300 _a437 p. ;
_c23 cm.
534 _pTítulo original:
_tWhispers
590 _aInventariado, 2022 / DG
650 4 _aNovela estadounidense
_9262
650 4 _aLiteratura estadounidense
_9263
700 1 _aLeal, Aníbal,
_etr.
_94573
910 _aDG
942 _2ddc
_cLBS1
999 _c3464
_d3464